Animal Safari - Statistics

General Stats
  • This quiz has been taken 11 times
  • The average score is 17 of 25
Answer Stats
Picture Answer % Correct
Bald Eagle
100%
Flamingo
100%
Giraffe
100%
Killer Whale
100%
Panther
100%
Zebra
100%
Dragonfly
88%
Komodo Dragon
88%
Lemur
88%
Platypus
88%
Toucan
88%
Aardvark
75%
Anaconda
75%
Coyote
75%
Hedgehog
75%
Kiwi
75%
Wallaby
75%
Wildebeest
75%
Wolverine
63%
Magpie
25%
Newt
25%
Quetzal
25%
Serval
25%
Aye-Aye
13%
Jerboa
0%
No matching quizzes found
Score Distribution
Percent of People with Each Score
Percentile by Number Answered
Your Score History
You have not taken this quiz